000 00881nam a2200169 a 4500
001 000031476
005 20210608221756.0
008 110627q1936 dr c 000 | spa d
040 _aDO-SdBNP
_bspa
_cBNPHU
082 _axxx
_bE74p
110 _aEscuela Normal de Santiago de los Caballeros
_957865
245 1 3 _aLa palabra de los estudiantes.
260 _aCiudad Trujillo, República Dominicana :
_bSindicato,
_c[1936?].
300 _a47 p. :
_bretrs. ;
_c22 cm.
500 _aDiscursos pronunciados por el director y estudiantes normalistas de la Escuela Normal de Santiago de los Caballeros, la noche del 24 de noviembre de 1936, en su mitin de protesta frente a la incalificable actitud de indiferencia del ex Diputado Miguel Ángel Roca, contra el ilustre benefactor de la patria, generalísimo Dr. Rafael L. Trujillo Molina Hon. Presidente de la República.
049 _aBNPD
999 _c30968
_d30968